Online
Catalog

San Martín y Bolivar en el canto / (Record no. 4794)

MARC details
000 -CABECERA
campo de control de longitud fija 00993cam a2200241 a 4500
001 - NÚMERO DE CONTROL
campo de control 000004988
005 - FECHA Y HORA DE LA ÚLTIMA TRANSACCIÓN
campo de control 20200929151542.0
008 - DATOS DE LONGITUD FIJA--INFORMACIÓN GENERAL
campo de control de longitud fija 850222s1984 ag 001 p spa
020 ## - NÚMERO INTERNACIONAL ESTÁNDAR DEL LIBRO
Número Internacional Estándar del Libro 9503601045
040 ## - FUENTE DE LA CATALOGACIÓN
Centro catalogador/agencia de origen DO-SdBNP
Centro/agencia transcriptor BNPHU
Lengua de catalogación spa
082 ## - NÚMERO DE LA CLASIFICACIÓN DECIMAL DEWEY
Número de clasificación 868.9981
Número de documento/Ítem S194m
245 00 - MENCIÓN DE TÍTULO
Título San Martín y Bolivar en el canto /
Mención de responsabilidad, etc. Selección, Lidia Rosalía de Jijena Sánchez ; prólogo de Enrique M. Barba.
260 ## - PUBLICACIÓN, DISTRIBUCIÓN, ETC.
Lugar de publicación, distribución, etc. Buenos Aires :
Nombre del editor, distribuidor, etc. Ediciones Culturales Argentinas,
-- Secretaría de Cultura,
-- Ministerio de Educación y Justicia,
Fecha de publicación, distribución, etc. 1984.
300 ## - DESCRIPCIÓN FÍSICA
Extensión 215 p. ;
Dimensiones 22 cm.
600 14 - PUNTO DE ACCESO ADICIONAL DE MATERIA--NOMBRE DE PERSONA
Nombre de persona SAN MARTÍN, JOSÉ DE,
Fechas asociadas al nombre 1778-1850
Subdivisión general POESÍAS
9 (RLIN) 14396
600 14 - PUNTO DE ACCESO ADICIONAL DE MATERIA--NOMBRE DE PERSONA
Nombre de persona BOLÍVAR, SIMÓN,
Fechas asociadas al nombre 1783-1830
Subdivisión general POESÍAS
9 (RLIN) 14397
650 #4 - PUNTO DE ACCESO ADICIONAL DE MATERIA--TÉRMINO DE MATERIA
Término de materia o nombre geográfico como elemento de entrada Poesía hispanoamericana
9 (RLIN) 8160
650 #4 - PUNTO DE ACCESO ADICIONAL DE MATERIA--TÉRMINO DE MATERIA
Término de materia o nombre geográfico como elemento de entrada Poesía patriótica
Subdivisión general Colecciones
9 (RLIN) 14398
700 1# - PUNTO DE ACCESO ADICIONAL--NOMBRE DE PERSONA
Nombre de persona Jijena Sánchez, Lidia Rosalía
9 (RLIN) 14399
700 1# - PUNTO DE ACCESO ADICIONAL--NOMBRE DE PERSONA
Nombre de persona Barba, Enrique M.,
Término indicativo de función/relación prol.
9 (RLIN) 14400
710 2# - PUNTO DE ACCESO ADICIONAL--NOMBRE DE ENTIDAD CORPORATIVA
Nombre de entidad corporativa o nombre de jurisdicción como elemento de entrada Secretaría de Cultura
9 (RLIN) 14401
710 2# - PUNTO DE ACCESO ADICIONAL--NOMBRE DE ENTIDAD CORPORATIVA
Nombre de entidad corporativa o nombre de jurisdicción como elemento de entrada Ministerio de Educación y Justicia
9 (RLIN) 14402
Holdings
Estado de retiro Estado de pérdida Restricciones de uso No para préstamo Código de colección Localización permanente Ubicación/localización actual Ubicación en estantería Fecha de adquisición Número de inventario Total de préstamos Signatura topográfica completa Código de barras Fecha visto por última vez Precio válido a partir de Tipo de ítem Koha
    Préstamo interno   Monografías: Libros y Folletos General General En catalogación 28.07.2009 LF1   868.9981 S194m 4988-10 25.06.2020 25.06.2020 Préstamo interno

Powered by Koha